000 00527cam a2200193 4500
001 J100526
008 000000n1998 000 0 eng u
035 _a(Sirsi) u100193
041 _aENG
050 _a692.8
110 _aJoint Contracts Tribunal
_93664
245 _aStandard form of measured term contract 1998 edition.
260 _aLondon
_bRIBA Publications
_c1998
300 _a48p. ; 3cm.
350 _a13.50
650 _aJCT STANDARD FORM OF BUILDING CONTRACT 1998
690 _aContracts
_96232
942 _n0
999 _c99637
_d99637